Statistics for Dog Knowledge

Click here to take the quiz!

General Stats

  • This quiz has been taken 27,462 times
  • The average score is 15 of 20

Answer Stats

QuestionAnswer% Correct
What's the most common breed of racing sled dog?Siberian Husky
94%
Complete the analogy: Feline is to cats as ______ is to dogsCanine
90%
Where did a Russian dog named Laika go in 1957 that no other dog
had ever gone before?
Space
90%
What is the name of the feral dogs that are native to Australia?Dingoes
87%
What country has a state named Chihuahua?Mexico
87%
What is the word for the smallest animal in a litter?Runt
85%
What common food causes theobromine poisoning in dogs?Chocolate
84%
What breed of dog is commonly called a "wiener" dog?Dachshund
83%
Of all the countries in the world, which one has the greatest number of wolves?Canada
82%
What is the fastest breed of dog?Greyhound
82%
What's the most popular breed of dog in the U.S.?Labrador Retriever
81%
What breed of dog was famously owned by Queen Elizabeth II?Pembroke Welsh Corgis
77%
What were border collies bred to do?Herd Livestock
76%
The tallest dog ever measured 118 cm from paw to shoulder. What breed was it?Great Dane
74%
What breed of dog is Snoopy?Beagle
65%
What breed of dog is commonly depicted rescuing avalanche victims,
carrying a small barrel of brandy around its neck?
St. Bernard
65%
What fatal disease, affecting thousands of people every year, is often
spread from dogs to humans?
Rabies
63%
What name, starting with M, is the most popular name for male pet dogs in the U.S.?Max
58%
What is the name of the 3-headed dog that guards Hades?Cerberus
52%
What hybrid animal is a mix of coyote and dog?Coydog
14%

Score Distribution

Percentile by Number Answered

Percent of People with Each Score

Your Score History

You have not taken this quiz